000 00852nam a2200241 i 4500
001 bg
003 KOSZ 005
005 20200630132820.0
008 080222s1967 pl a f 000 0 pol
015 _aPB 1967/7967
040 _aWA N
_cKOSZ 005/RW
_dKOSZ 005/RW
080 _a53
100 1 _aDryński, Tadeusz
_d(1905-1975).
_eAutor
245 1 0 _aĆwiczenia laboratoryjne z fizyki /
_cTadeusz Dryński.
260 _aWarszawa :
_bPaństwowe Wydawnictwo Naukowe,
_c1967.
300 _a434, [1] s. :
_bil., err. ;
_c25 cm.
380 _aKsiążki.
650 4 _aFizyka
_xszkoły wyższe.
655 4 _aĆwiczenia laboratoryjne dla szkół wyższych
710 2 _aPaństwowe Wydawnictwo Naukowe
_4pbl.
856 _uhttp://koha.tu.koszalin.pl/cgi-bin/koha/opac-detail.pl?biblionumber=10793
_yKatalog online BPK
942 _2UKD
_cKS
999 _c10793
_d10793